Seattle Link light rail stations on the 1-Line - Statistics

General Stats
  • This quiz has been taken 134 times
  • The average score is 14 of 19
Answer Stats
Answer % Correct
SeaTac
96%
Angle Lake
91%
University of Washington
88%
Northgate
85%
Capitol Hill
83%
International District
79%
SODO
79%
Westlake
76%
Stadium
75%
Pioneer Square
74%
Tukwila International Blvd
74%
U District
74%
Roosevelt
71%
Othello
69%
Rainier Beach
69%
University Street
64%
Beacon Hill
61%
Mount Baker
56%
Columbia City
53%
No matching quizzes found
Score Distribution
Percent of People with Each Score
Percentile by Number Answered
Your Score History
You have not taken this quiz